000 01151cam a22002174a 4500
005 20250605164308.0
008 250528s ||||||||||||||||||||||||d
035 _a22369
020 _a9789608325104
040 _aGR-AtMCL
_bgre
_dGR-AtMCL
_eAACR2
245 1 _aΕΙΣΑΓΩΓΗ ΣΤΗ ΔΙΔΑΚΤΙΚΗ ΤΗΣ ΚΟΙΝΩΝΙΚΗΣ ΚΑΙ ΠΑΙΔΑΓΩΓΙΚΗΣ ΕΡΓΑΣΙΑΣ ΤΟΥ ΝΗΠΙΑΓΩΓΕΙΟΥ
250 _a1
260 _bΑτραπος,
_c2002
300 _a214
505 0 _aΠΡΟΒΛΗΜΑΤΙΣΜΟΙ ΓΙΑ ΤΗΝ ΚΟΙΝΩΝΙΚΟΠΑΙΔΑΓΩΓΙΚΗ ΔΙΔΑΚΤΙΚΗ ΕΞΕΛΙΞΗ ΤΗΣ ΚΟΙΝΟΝΙΚΟΠΑΙΔΑΓΩΓΙΚΗΣ ΔΙΔΑΚΤΙΚΗΣ Ο ΡΟΛΟΣ ΤΗΣ ΚΟΙΝΩΝΙΚΗΣ ΠΑΙΔΑΓΩΓΙΚΗΣ
520 _aΠΡΟΒΛΗΜΑΤΙΣΜΟΙ ΓΙΑ ΤΗΝ ΚΟΙΝΩΝΙΚΟΠΑΙΔΑΓΩΓΙΚΗ ΔΙΔΑΚΤΙΚΗ ΕΞΕΛΙΞΗ ΤΗΣ ΚΟΙΝΟΝΙΚΟΠΑΙΔΑΓΩΓΙΚΗΣ ΔΙΔΑΚΤΙΚΗΣ Ο ΡΟΛΟΣ ΤΗΣ ΚΟΙΝΩΝΙΚΗΣ ΠΑΙΔΑΓΩΓΙΚΗΣ
700 1 _aΣακελλαριου Μαρια Ι
_98224
942 _cBK
999 _c7422
_d7422